Geography Quiz

Random Geography or World Quiz

Secret Country VII Quiz Stats

Quiz Updated Feb 11, 2018

Also try: Secret Country VI
Challenge
Share
Tweet
Score 0/0 Timer 00:00
86 Plays Today
% Correct
Russia
78.5%
Italy
77.7%
Turkey
75.3%
Greece
74.5%
United Kingdom
73.6%
United States of America
71.8%
France
71.5%
Germany
71.2%
China
70.5%
Iran
70.1%
Israel
70%
Iraq
69.5%
Egypt
69.1%
Saudi Arabia
69%
Romania
68.6%
Spain
68.1%
Serbia
67.4%
Croatia
67.4%
Ukraine
67.3%
Poland
67.3%
Bulgaria
67.2%
Jordan
66.6%
Albania
66.5%
Hungary
66.4%
Macedonia
66.2%
Kosovo
66.1%
Yemen
66.1%
Austria
66%
Oman
65.7%
Moldova
65.7%
India
65.3%
Cyprus
65.3%
United Arab Emirates
65.2%
Canada
65.2%
Palestine
64.9%
Slovakia
64.8%
Slovenia
64.7%
Brazil
64.5%
Montenegro
64.5%
Czechia
64.3%
Belarus
64.2%
Lebanon
64.1%
Sweden
64%
Libya
64%
Switzerland
63.9%
Mexico
63.9%
Kuwait
63.8%
Bosnia and Herzegovina
63.8%
Qatar
63.7%
Norway
63.7%
Australia
63.7%
Malta
63.5%
Georgia
63.5%
Chad
63.4%
Sudan
63.2%
Vatican City
63.1%
Algeria
63.1%
Finland
62.8%
Armenia
62.7%
San Marino
62.8%
Morocco
62.7%
Pakistan
62.4%
Afghanistan
62.4%
Denmark
62.3%
Estonia
62.3%
Portugal
62.3%
% Correct
Iceland
62.3%
Latvia
62.3%
Ireland
62.1%
Azerbaijan
62%
Panama
62%
Monaco
62%
South Africa
61.9%
Niger
61.9%
Lithuania
61.8%
Tunisia
61.8%
Bahrain
61.6%
Belgium
61.6%
Andorra
61.5%
Japan
61.4%
Mongolia
61.3%
Luxembourg
61.3%
Liechtenstein
61.3%
Somalia
61.2%
Democratic Republic of the Congo
61.1%
Honduras
61.1%
Ethiopia
61.1%
Kazakhstan
61.1%
Cuba
61%
Guatemala
61%
Mali
61%
Chile
60.9%
Netherlands
60.9%
Kenya
60.9%
Belize
60.9%
Costa Rica
60.9%
Nicaragua
60.9%
Argentina
60.8%
Peru
60.7%
Uzbekistan
60.7%
Turkmenistan
60.6%
Ghana
60.5%
Colombia
60.5%
Djibouti
60.5%
El Salvador
60.5%
Eritrea
60.5%
New Zealand
60.4%
South Sudan
60.4%
Central African Republic
60.4%
Indonesia
60.3%
Nigeria
60.3%
Kyrgyzstan
60.3%
Bolivia
60.2%
Ecuador
60.2%
Jamaica
60.2%
Tajikistan
60.1%
Venezuela
60.1%
Togo
60.1%
Haiti
60.1%
Nepal
60.1%
Fiji
60.1%
Congo
60.1%
Uruguay
60.1%
Angola
60%
Paraguay
60%
Madagascar
60%
Laos
60%
Thailand
60%
Uganda
60%
Rwanda
59.9%
Liberia
59.9%
Vietnam
59.9%
% Correct
Senegal
59.9%
Sri Lanka
59.8%
Lesotho
59.8%
Benin
59.8%
Cote d'Ivoire
59.8%
Maldives
59.8%
Bhutan
59.8%
Dominica
59.8%
Tonga
59.7%
The Bahamas
59.7%
Suriname
59.7%
Malaysia
59.7%
Cameroon
59.7%
South Korea
59.7%
Gabon
59.7%
The Gambia
59.7%
Samoa
59.7%
Philippines
59.7%
Guinea
59.7%
Palau
59.7%
Singapore
59.7%
Guyana
59.7%
North Korea
59.7%
Bangladesh
59.7%
Papua New Guinea
59.7%
Tanzania
59.7%
Barbados
59.7%
Brunei
59.7%
Kiribati
59.7%
Tuvalu
59.7%
Zimbabwe
59.7%
Nauru
59.7%
Sierra Leone
59.6%
Myanmar
59.6%
Vanuatu
59.6%
Micronesia
59.6%
St Kitts
59.6%
Botswana
59.6%
Burkina Faso
59.6%
Burundi
59.6%
Seychelles
59.6%
Cambodia
59.6%
Namibia
59.6%
Zambia
59.6%
Trinidad and Tobago
59.6%
Saint Lucia
59.6%
Solomon Islands
59.6%
Timor-Leste
59.6%
Mauritania
59.6%
Malawi
59.6%
Marshall Islands
59.6%
Dominican Republic
59.6%
Taiwan
59.6%
Mozambique
59.6%
Swaziland
59.6%
Grenada
59.6%
Comoros
59.5%
Antigua and Barbuda
59.5%
Mauritius
59.5%
St Vincent
59.5%
Equatorial Guinea
59.5%
Cabo Verde
59.5%
Sao Tome and Principe
59.5%
Guinea-Bissau
59.5%
Syria
59.4%

You're not logged in!

Compare scores with friends on all Sporcle quizzes.
Sign Up with Email
OR
Log In

You Might Also Like...

Show Comments

Extras

Top Quizzes Today


Score Distribution

Your Account Isn't Verified!

In order to create a playlist on Sporcle, you need to verify the email address you used during registration. Go to your Sporcle Settings to finish the process.

Report this User

Report this user for behavior that violates our Community Guidelines.

Details: